00328nam a2200121Ia 4500008004100000041000800041082001400049100002000063245004400083260004000127300003200167365000700199240624s9999 xx 000 0 und d aeng a658.4 CAB aCABRAL LUIS M B aINTRODUCTION TO INDUSTRIAL ORGANIZATION c2010aNew DelhibPHI Learning India axiii, : 354 : p. : cm. ; 23 cRS